000 00754cam a22002651 4500
999 _c8577
_d8577
001 8577
003 BD-JhCC
005 20180227182907.0
008 920131s1959 enka 000 0 eng
035 _a(BD-JhCC)8577
035 _a(OCoLC)25973965
040 _aDLC
_cNIC
_dUk
_dDLC
_dBD-JhCC
041 _aeng
050 0 0 _aJV1027
_b.P6 1959
082 0 0 _a325.342
_bPOL 1959
100 1 _aPolkinghorne, Ruby Kathleen,
_d1883-
245 1 0 _aLands of the Commonwealth /
_cby R.K. and M.I.R. Polkinghorne.
250 _aNew ed., rev.
260 _aLondon :
_bHarrap,
_c1959.
300 _a220 p. :
_bill. ;
_c21 cm.
651 0 _aGreat Britain
_xColonies.
700 1 _aPolkinghorne, Mabel Irene Rutherford,
_d1882-
942 _2ddc
_cBK